อาชีพใหม่ในทศวรรษ 2030 = (ระเบียนเลขที่ 107308)
| 000 -LEADER | |
|---|---|
| fixed length control field | 02859nam a22001937a 4500 |
| 003 - CONTROL NUMBER IDENTIFIER | |
| control field | NALT |
| 005 - DATE AND TIME OF LATEST TRANSACTION | |
| control field | 20260114153931.0 |
| 008 - FIXED-LENGTH DATA ELEMENTS--GENERAL INFORMATION | |
| fixed length control field | 250925b th ||||| |||| 00| 0 tha d |
| 040 ## - CATALOGING SOURCE | |
| Original cataloging agency | NALT |
| 245 00 - TITLE STATEMENT | |
| Title | อาชีพใหม่ในทศวรรษ 2030 = |
| Remainder of title | New careers in the 2030s / |
| Statement of responsibility, etc | 39 Publishing. |
| Medium | [electronic resource] |
| 260 ## - PUBLICATION, DISTRIBUTION, ETC. | |
| Place of publication, distribution, etc. | กรุงเทพฯ : |
| Name of publisher, distributor, etc. | 39 Publishing, |
| Date of publication, distribution, etc. | ม.ป.ป. |
| 300 ## - PHYSICAL DESCRIPTION | |
| Extent | Online resource |
| 505 2# - FORMATTED CONTENTS NOTE | |
| Formatted contents note | โลกเปลี่ยน งานเปลี่ยน เราก็ต้องเปลี่ยน --<br/>อาชีพใหม่มาแรงในยุค AI และเทคโนโลยี --<br/>อาชีพสายกรีน สายจิตใจ และสายชุมชน --<br/>อาชีพสายสร้างคอนเทนต์แบบเจาะกลุ่ม --<br/>ทักษะที่จำเป็นในโลกใหม่ --<br/>เริ่มต้นอย่างไร ไม่ให้กลัวอนาคต --<br/>สรุปส่งท้าย. |
| 520 ## - SUMMARY, ETC. | |
| Summary, etc | โลกกำลังเปลี่ยน และงานที่เรารู้จักก็เปลี่ยนตาม อีบุ๊คเล่มนี้จะพาไปรู้จักกับ “อาชีพใหม่ในทศวรรษ 2030” ที่เกิดขึ้นจากการรวมพลังของเทคโนโลยี ความคิดสร้างสรรค์ และวิถีชีวิตแบบใหม่ ไม่ว่าจะเป็นสาย AI, งานโลกเสมือน, อาชีพสายกรีน หรือสายสร้างคอนเทนต์ที่ขยายขอบเขตออกไปไกลกว่าที่เคย ไม่ใช่แค่รู้ว่า “มีอะไรมาใหม่” แต่เล่มนี้จะช่วยเปิดแผนที่ให้เห็นว่าเราสามารถ “เริ่มต้นก้าวแรก” ในแบบของตัวเองได้อย่างไรบ้าง พร้อมเทคนิคเลือกอาชีพที่ใช่ ผ่านความถนัดและไลฟ์สไตล์ของแต่ละคน เพราะอาชีพแห่งอนาคต… ไม่ได้รอให้ใครพร้อม แต่พร้อมเสมอสำหรับคนที่กล้าลอง. |
| 650 #4 - SUBJECT ADDED ENTRY--TOPICAL TERM | |
| Topical term or geographic name as entry element | อาชีพ |
| General subdivision | ปัญญาประดิษฐ์ |
| 9 (RLIN) | 67274 |
| 856 40 - ELECTRONIC LOCATION AND ACCESS | |
| Uniform Resource Identifier | <a href="https://ebook.parliament.go.th/ebookall/detail/438332">https://ebook.parliament.go.th/ebookall/detail/438332</a> |
| Public note (Online Database name) | E-Book |
| 942 ## - ADDED ENTRY ELEMENTS (KOHA) | |
| Koha item type | E-Book |
| Source of classification or shelving scheme | Library of Congress Classification |
| 996 ## - STAFF PROCESSING RECORDS (NALT) | |
| Staff name | jamriang.p |
| Staff type | CATSTF |
| Acquisition or Cataloging date (ใส่ปี ค.ศ. : YYYY-MM-DD เช่น 2023-03-15) | 2026-01-14 |
| 998 ## - STAFF NAME | |
| -- | 1020 |
| -- | นางจำเรียง ระวังสำโรง |
| Withdrawn status | Lost status | Source of classification or shelving scheme | Damaged status | Not for loan | Collection code | Home library | Current library | Shelving location | Date acquired | Source of acquisition | Date last seen | Copy number | Koha item type |
|---|---|---|---|---|---|---|---|---|---|---|---|---|---|
| Library of Congress Classification | Electronic Resources | National Assembly Library of Thailand | National Assembly Library of Thailand | Online Access | 29/09/2025 | 191 | 29/09/2025 | 1 | E-Book |
